| 000 | 004700000a22001930004500 | ||
|---|---|---|---|
| 001 | 002512 | ||
| 003 | MACL | ||
| 005 | 20160114133434.0 | ||
| 008 | 160114b xxu||||| |||| 00| 0 eng d | ||
| 040 |
_aMACL _cMACL |
||
| 041 | _aEnglish | ||
| 082 | _a741.642/KOR | ||
| 100 |
_aKurup, C.G.R. _932213 |
||
| 245 |
_aThe Ramayana _cC.G.R. Kurup |
||
| 260 |
_aCBT Publication, _c2005 _bNew Delhi |
||
| 350 | _a130 | ||
| 650 |
_aChildren's Book _932214 |
||
| 942 |
_k742 _cBK _2ddc |
||
| 999 |
_c14422 _d14422 |
||